000
00308nam a2200133Ia 4500
005
20260328104322.0
008
260328s9999||||xx |||||||||||||| ||und||
100
_a
Botta, Mario
245
0
_a
Mario Botta /
_c
Mario Botta
260
_b
Gustavo Gili
300
_a
256 p.
650
_a
MARIO BOTTA
942
_c
BK
999
_c
11373
_d
11373